CONCEPT TO CUSTOMER (Record no. 17285)

MARC details
000 -LEADER
fixed length control field 00257nam a22001217a 4500
003 - CONTROL NUMBER IDENTIFIER
control field SGT
082 ## - DEWEY DECIMAL CLASSIFICATION NUMBER
Classification number 749.92
Item number C16G
100 ## - MAIN ENTRY--PERSONAL NAME
Personal name GROSE, VIRGINIA
245 ## - TITLE STATEMENT
Title CONCEPT TO CUSTOMER
260 ## - PUBLICATION, DISTRIBUTION, ETC. (IMPRINT)
Place of publication, distribution, etc LONDON
Name of publisher, distributor, etc BLOOMSBURY
Year of Publication 2016
300 ## - PAGE DESCRIPTION
No. of Pages 176
942 ## - ADDED ENTRY ELEMENTS (KOHA)
Source of classification or shelving scheme Dewey Decimal Classification
Koha item type Books
Holdings
Withdrawn status Lost status Source of classification or shelving scheme Damaged status Not for loan Home library Current library Shelving location Date acquired Vendor Name SGTU Bill Number Total Checkouts Full call number Accession No. (Barcode) Date last seen Date last borrowed Bill Date Koha item type
    Dewey Decimal Classification     SGT Science & Social Sciences Library SGT Science & Social Sciences Library Reference Book 02/04/2019 PANKAJ PUB. SGTU 4321 1 749.92 C16G FF680 08/05/2019 22/04/2019 07/03/2019 Books